Birthplaces of the U.S Presidents - Statistics

General Stats
  • This quiz has been taken 95 times
  • The average score is 25 of 44
Answers on the Map
Answers color-coded by a green-red scale on the quiz's map according to % correct below.
 
Answer Stats
President State % Correct
George Washington Virginia
98%
Thomas Jefferson Virginia
88%
John Adams Massachusetts
84%
James Madison Jr. Virginia
81%
James Monroe Virginia
81%
John Quincy Adams Massachusetts
78%
Martin Van Buren New York
72%
Abraham Lincoln Kentucky
71%
Barack Hussein Obama II Hawaii
67%
Theodore Roosevelt Jr. New York
62%
Donald John Trump New York
62%
Hiram Ulysses Grant Ohio
62%
William Henry Harrison Sr. Virginia
62%
William McKinley Ohio
60%
James Earl Carter Jr. Georgia
59%
Franklin Delano Roosevelt New York
59%
Andrew Jackson South Carolina
59%
John Tyler Virginia
59%
William Jefferson Clinton Arkansas
57%
John Fitzgerald Kennedy Massachusetts
57%
James Abram Garfield Ohio
57%
Benjamin Harrison Ohio
57%
Zachary Taylor Virginia
57%
Rutherford Birchard Hayes Ohio
55%
William Howard Taft Ohio
55%
Richard Milhous Nixon California
53%
Millard Fillmore New York
53%
Warren Gamaliel Harding Ohio
53%
Lyndon Baines Johnson Texas
52%
Ronald Wilson Reagan Illinois
50%
James Knox Polk North Carolina
50%
James Buchanan Jr. Pennsylvania
50%
Andrew Johnson North Carolina
48%
George Herbert Walker Bush Massachusetts
47%
Harry S. Truman Missouri
45%
Franklin Pierce New Hampshire
41%
Dwight David Eisenhower Texas
41%
Thomas Woodrow Wilson Virginia
41%
George Walker Bush Connecticut
40%
Herbert Clark Hoover Iowa
40%
Stephen Grover Cleveland New Jersey
36%
Chester Alan Arthur Vermont
34%
John Calvin Coolidge Jr. Vermont
33%
Gerald Rudolph Ford Jr. Nebraska
31%
No matching quizzes found
Score Distribution
Percent of People with Each Score
Percentile by Number Answered
Your Score History
You have not taken this quiz